00483nam a2200181 a 450000500170000000800410001702000180005805000240007610000190010024500330011925000080015226000440016030000080020444000220021250000140023465000360024865000170028420140412111430.0130521s19uu xx 00 eng d a9789810163938 aTR(GS 510bF66 2010 aFong Ho Kheong aMy PALS are Here! Maths 1B. a2nd aSingapore :bMarshall Cavendish,c2008. a145 aMy PALS are Here! areprinted aMathematics-xstudy & teaching. aMathematics-